| 000 | 02480nam a2200253 a 4500 | ||
|---|---|---|---|
| 003 | AR-RoUNCS | ||
| 005 | 20260521171100.0 | ||
| 007 | ta | ||
| 008 | 210513s2013 ag |r 00| 0 spa | ||
| 020 | _a978-987-629-347-1 | ||
| 040 |
_aAR-BaBN _bspa _cAR-RoUNCS |
||
| 100 | 1 |
_aBombara, Paula, _d1972- _eautora |
|
| 245 | 1 | 0 |
_aCiencia y superhéroes : _bexperimentos, hipótesis, héroes y villanos : ¡al infinito y más allá! / _cPaula Bombara, Andrés Valenzuela. |
| 260 |
_aBuenos Aires : _bSiglo XXI, _cc2013. |
||
| 300 |
_a230 p. ; _c23 cm. |
||
| 490 | 0 | _aCiencia que Ladra. Serie Mayor / dirigida por Diego Golombek | |
| 520 | 3 | _a¿De qué manera puede Superman sobrevivir sin oxígeno en el espacio? ¿Qué clase de radiación hace que el doctor Bruce Banner se ponga verde y enorme cada vez que se enoja? ¿De qué están hechas las telarañas que lanza el Hombre Araña desde sus puños? ¿Cómo logra Lucky Luke disparar más rápido que su propia sombra? ¿Qué contenían las bombas que destruyeron la Buenos Aires de El Eternauta? ¿Realmente es posible viajar al futuro, como hacen algunos supervillanos? ¿Qué hay de cierto en estas cosas que nos cuentan las historietas? ¿Cuánto es viable sólo en teoría, cuánto podría practicarse con la tecnología de hoy y cuánto es producto de la imaginación visionaria de sus creadores? En este increíble libro, una científica y escritora y un periodista experto en historietas apelan a todo su superconocimiento para develar las hipótesis y desarrollos científicos que se colaron desde siempre detrás de los fantásticos superpoderes de los protagonistas de las historietas de todos los tiempos, desde los clásicos de Marvel o DC Comics hasta los héroes y heroínas latinoamericanos. Nos explican por qué son científicamente delirantes ciertas proezas (encogerse y a la vez ganar masa, transformarse en onda sonora y pasear alegremente de un sitio a otro). Nos animan a imitar a otros humanos de historieta que sin estar dotados de poderes especiales se inventaron a sí mismos como protagonistas de su época, y nos regalan un catálogo imperdible que incluye desde series y episodios hasta autores y editores, para saber "quién es quién" en el mundo del cómic. | |
| 650 | 7 |
_aCómics _2embne |
|
| 650 | 4 |
_aCiencia _vEn la literatura |
|
| 655 | 7 |
_aObras de consulta _2embne |
|
| 700 | 1 |
_aValenzuela, Andrés _eautor |
|
| 700 | 1 |
_aGolombek, Diego, _d1964- _edirector de colección |
|
| 942 |
_2udc _cOG _n0 |
||
| 999 |
_c1028 _d1028 |
||